Quizzes
Events
Quiz Creation
Community
Videos
Private Events
Remove Ads
Sign In
Join for FREE
Feedback
Dark Mode
Quiz Categories
Sports
Geography
Music
Movies
Television
Just For Fun
Miscellaneous
History
Literature
Language
Science
Gaming
Entertainment
Religion
Holiday
For Kids
Quiz Lab
Recent
Popular Today
Quiz Kudos Today
Editor Picks
Curator Picks
Quizzes by...
Day
Popularity
Type
Ratings
Length
Year
Community
Subscriptions
Recent Discussions
Orange Saloon
Badges
Playlists
Quests
Create
Leaderboards
Showdown
Live 5
Trivia Bingo
Activity
Puzzle Library
Sporcle Events
Private Events
Virtual Trivia
Globe League
Become a Host
Pub Owners
SporcleCon
Opinionation
Our Games
Videos
Blog
Mobile Apps
Partnerships
Remove Ads and Go Orange
Feedback
Gaming
Video Games
Board Games
Card Games
Pokémon
Mario
Nintendo
Minecraft
Console
Toys
Legend of Zelda
Gaming
Video Games
Board Games
Card Games
Pokémon
Mario
Nintendo
Minecraft
Console
Toys
Legend of Zelda
Random Quiz
Search Sporcle
×
Quiz Lab
Quiz Lab
Gaming
Minecraft
Type in answers that appear in a list
Type in answers that appear in a list
Classic
Best Score? Go Orange.
Minecraft Xbox Trivia Stats
Can you name the correct answers which relate to the xbox version of minecraft?
By
Stano_lfc
3m
15 Questions
120 Plays
120 Plays
120 Plays
Comments
Comments
Give Quiz Kudos
Give Quiz Kudos
-
- Ratings
hide this ad
Replay
Link that replays current quiz
Next Quiz
Link to next quiz in quiz playlist
You Got
0%
They Got
Avg Score
44%
Avg Friend Score
Upgrade to see
Score Distribution
Jump to the score distribution portion of the page
Score
0/15
Timer
03:00
0
Plays Today
Hint
Answer
% Correct
what mob may have been removed from it
herobrine
70.8%
what percentage of chunks to slime spawn in
10
65.8%
name 1 of the 3 things which can poison you
rotten flesh
61.7%
how many panes are made from 6 glass blocks
16
61.7%
how many iron bars are made from 6 iron ingots
16
61.7%
how many mobs are on it as of the 1.8.2 update (not including the player or above answer)
18
59.2%
what is made from 6 wooden planks and 3 books
bookshelf
56.7%
what block does sugar cane grow the fastest on
sand
50.8%
Hint
Answer
% Correct
how many blocks does a lava bucket smelt
100
45.8%
how much hunger points does a cooked chicken restore
3
29.2%
what are mods gong to be released as
dlc
26.7%
what is made from 4 iron ingots and a redstone
compass
23.3%
what is crafted from 8 wooden planks and a redstone
note block
21.7%
what does 6 iron, 1 pressure plate and a resdstone make
detector rail
18.3%
what mobs only spawn underground when playing legit
cave spider and silverfish
8.3%
Quiz Playlist
Details
Report
Send in Message
Add To Playlist
Classic:
Type in answers that appear in a list
Last Updated: Feb 16, 2017
Quiz Scoreboard
CHALLENGE
Sign Up to Join the Scoreboard
Show All
Scores
Hide
Comments
May contain spoilers
Recently Published
Decade Duel: World Leaders
by jenniferyan
History
4m
Alphabetical 'K' Countries by Flag Minefield
by ylime102
Geography
3m
Pick 6: Fruits
by JohnFran
Miscellaneous
15s
More to Explore
Quiz From the Vault
Featured Blog Post
15 Basketball Trivia Facts You Can Be March Mad About
hide this ad
You Might Also Like...
Tags
Minecraft Quiz
relate
Version
Xbox
Today's Top Quizzes in Gaming
Browse Gaming
hide this ad
Today's Top Quizzes in Minecraft
Browse Minecraft
Top Contributed Quizzes in Gaming
1
Pokémon Gen IV Logic Puzzle (HARD)
2
HARD Pokemon Logic Puzzle
3
Honkai: Star Rail Technique Names Quiz
4
Order Genshin Impact characters by release date!
5
Genshin Impact Logic Puzzle
6
Magic: the Gathering Set Symbols - LCI
7
Genshin Impact Logic Puzzle Quiz
8
Rainbow Six Siege Operators by Picture
9
Wii Remote Buttons
10
Genshin Impact Logic Puzzle Quiz II
Explore More
Trending Topics
Marvel
Harry Potter
Disney
Crossword
Kpop
NBA
Anime
Song
Soccer
Puzzle
The Office
NFL
Pokémon
Country
WWE
hide this ad
More By:
Stano_lfc
Quiz
Plays
Rating
Category
Featured
Created
Darts Checkouts
1,844
3.38
Sports
Mar 25, 2013
Yu Gi Oh Fusions
1,634
4.50
Gaming
May 27, 2014
Primary Weapons in Destiny
666
5.00
Gaming
Oct 19, 2015
Black Ops 2 Multiplayer Maps Unscrambler
599
3.00
Gaming
Feb 8, 2013
Black Ops 2 Scorestreak Test
575
2.67
Gaming
Jan 9, 2013
Go to Creator's Profile
Score Distribution
Quiz Creator Spotlight
Stano_lfc
Follow
Send a Message
Quizzes Created
-
Created Quiz Play Count
-
More By This Creator
Popular Quizzes Today
1
Countries of Asia Without Outlines Minefield
2
Find the US States - No Outlines Minefield
3
Pick 6: Fruits
4
Alphabetical 'K' Countries by Flag Minefield
5
The Countries of the World
6
Find the Countries of Europe - No Outlines Minefield
7
Find the US States
8
US States
More Gaming Quizzes
Every Valorant Skin (Battlepass Included)
Quiz Lab
Trending Quizzes
Pick 6: Mountains
Pick 6: Harry Potter
Pick 6: Flags
Pick 6: NFL Teams
Pick 6: Movie Franchises
Recently Updated
Adaptations: Name the Title
pecheneg
NWSL Teams
pecheneg
Women's Final Four Teams by Year
bhenderson79
Presidents Quartet II
eogle
Anything But Clue(do)
eogle
Anything But Oceanian Capitals
eogle
Anything But 7
eogle
Anything But Thing
eogle
Word Ladder: February 29
pecheneg
Song Title Questions
pecheneg
Trending Topics
Disney
NBA
Crossword
Kpop
Marvel
Anime
Harry Potter
Soccer
Song
The Office
Puzzle
Pokémon
NFL
Country
WWE
Your Account Isn't Verified!
In order to create a playlist on Sporcle, you need to verify the email address you used during registration. Go to your
Sporcle Settings
to finish the process.
Report this User
Report this user for behavior that violates our
Community Guidelines
.
Details:
Send Report
Go to the Sporcle.com Mobile Site →
Comments